Eredivisie Winter Transfers 25/26 - Statistics

General Stats
  • This quiz has been taken 44 times
  • The average score is 7 of 12
Answer Stats
From To Fee Nation Answer % Correct
Arsenal Ajax 1M Ukraine Oleksandr Zinchenko
93%
Go Ahead Eagles Feyenoord 1M Netherlands Mats Deijl
83%
Heracles AZ 4M Netherlands Jizz Hornkamp
80%
Arsenal Ajax FREE Japan Takehiro Tomiyasu
78%
FC Dallas Ajax 1M Indonesia Maarten Paes
73%
Ajax Heracles FREE Netherlands Remko Pasveer
70%
Sporting Feyenoord FREE Netherlands Jeremiah St. Juste
65%
Bologna FC Utrecht LOAN Sweden Jesper Karlsson
60%
Rangers NEC LOAN Brazil Danilo
53%
Velez Sarsfield Ajax 5M Argentina Maher Carrizo
43%
Le Havre PEC Zwolle FREE Denmark Younes Namli
28%
Fulham Feyenoord LOAN Germany Steven Benda
25%
No matching quizzes found
Score Distribution
Percent of People with Each Score
Percentile by Number Answered
Your Score History
You have not taken this quiz